|
|
|
|
| LEADER |
00849nab a2200169 i 4500 |
| 001 |
univ50698 |
| 005 |
20190604110635.0 |
| 008 |
190604s2019 hu o 0|| zxx d |
| 040 |
|
|
|a SZTE UnivHistória Repozitórium
|b hun
|
| 041 |
|
|
|a zxx
|
| 245 |
0 |
0 |
|a Pályázati felhívás
|h [elektronikus dokumentum] :
|b nemzeti felsőoktatási ösztöndíj
|
| 260 |
|
|
|c 2019-06-03
|
| 490 |
0 |
|
|a SZTE Info
|
| 561 |
|
|
|a Egyetemi hirarchívum
|
| 695 |
|
|
|a Nemzeti Felsőoktatási Ösztöndíj, Kiemelt tanulmányi ösztöndíj, Pályázat - tanulmányi és szakmai
|
| 856 |
4 |
0 |
|u http://univ.bibl.u-szeged.hu/50698/1/Szegedi%20Tudom%C3%A1nyegyetem%20_%20P%C3%A1ly%C3%A1zati%20felh%C3%ADv%C3%A1s_%20nemzeti%20fels%C5%91oktat%C3%A1si%20%C3%B6szt%C3%B6nd%C3%ADj.pdf
|z Dokumentum-elérés
|
| 856 |
4 |
0 |
|u http://univ.bibl.u-szeged.hu/50698/2/nfod_felhivas_magyar2.pdf
|z Dokumentum-elérés
|